zpět

Detail výsledku týmu

Hloupý Honza, Praha

Datum a čas kvízu

29 Celkem bodů Celkový počet nahraných bodů na tomto kvízu bez doplňovacích otázek.
10. Pořadí na kvízu Konečné umístění týmu na tomto kvízu.

Zaznamenané odpovědi

# Otázka Odpověď Body Výsledky
1. Česká společnost Seznam.cz ozn... 1
2. Trosky první čínské vesmírné s... 1
3. Legendární pražská punková kap... 0
4. Sada smajlíků Emoji bude opět... 0
5. Po 18 letech se budou muset fa... 1
6. Oslí můstek je výraz, který se... 1
7. Blízkým a poněkud ušlechtilejš... 1
8. Koňská síla (značka HP) je sta... 1
9. Nejen koně či automobily mají... 1
10. Abyste mohli ukázat svou sílu,... 0